Punkalasa (Record no. 5019)
[ view plain ]
| 000 -LEADER | |
|---|---|
| fixed length control field | 00403nam a2200157Ia 4500 |
| 005 - DATE AND TIME OF LATEST TRANSACTION | |
| control field | 20250630014844.0 |
| 008 - FIXED-LENGTH DATA ELEMENTS--GENERAL INFORMATION | |
| fixed length control field | 240331s9999 xx 000 0 und d |
| 020 ## - INTERNATIONAL STANDARD BOOK NUMBER | |
| ISBN | 9789559573227 |
| 082 ## - DDC Classification | |
| Item Number - Author Mark | PUN |
| Class No. | 070 |
| 245 #0 - TITLE STATEMENT | |
| Title | Punkalasa |
| 260 ## - PUBLICATION, DISTRIBUTION, ETC. | |
| Place of publication, distribution, etc. | Colombo |
| Name of publisher, distributor, etc. | Lake House publication |
| Date of publication, distribution, etc. | 2007 |
| 300 ## - PHYSICAL DESCRIPTION | |
| Extent (e.g. Volumes, Pages etc.) | 236 p ., |
| 500 ## - GENERAL NOTE | |
| General note | A book on Silumina Academic Letter Series |
| 700 ## - ADDED ENTRY--PERSONAL NAME | |
| Personal name | Silumina. |
| Relator term (Role) | Editor |
| 942 ## - Koha item type (Biblio) | |
| Koha item type | Books in Stacks (Lending) |
| Lost status | Damaged status | Collection code | Home library | Current library | Shelving location | Date acquired | Full call number | Accession Number | Item type |
|---|---|---|---|---|---|---|---|---|---|
| Lending | WERC Library | WERC Library | Social Science Cupboard | 03/31/2024 | 070 PUN | 6185 | Books in Stacks (Lending) |
